| 000 | 00425nam a22001337a 4500 | ||
|---|---|---|---|
| 082 |
_a342.5491 _bBAS |
||
| 100 | _aBasit, Muhammad Abdul | ||
| 245 |
_aGovernment Servants Conduct & Disciplinary Laws: _b[practice & procedure with model forms] / _cMuhammad Abdul Basit |
||
| 260 |
_aRawalpindi : _bFederal Law House, _c2022. |
||
| 300 | _a344 p. | ||
| 563 | _aHB. | ||
| 650 |
_aLaw, Disciplinary Laws _9128389 |
||
| 942 |
_2ddc _cBK |
||
| 999 |
_c613367 _d613367 |
||